[Event "Gibtelecom Masters"]
[Site "Gibraltar"]
[Date "2007.01.24"]
[Round "2"]
[White "Houska, Jovanka"]
[Black "Mundaca, Juan"]
[Result "1-0"]
[WhiteElo "2384"]
[BlackElo "2167"]
[PlyCount "81"]
[EventDate "2007.??.??"]

1. e4 c5 2. Nf3 Nc6 3. Bb5 g6 4. Bxc6 dxc6 5. d3 Bg7 6. Nc3 e5 7. Be3 Qe7 8. h3
Be6 9. b3 h6 10. Qd2 b6 11. Nh2 f5 12. Qe2 Nf6 13. Bc1 O-O-O 14. a4 a5 15. Bb2
fxe4 16. Nxe4 Nxe4 17. Qxe4 Qd7 18. O-O-O Bf5 19. Qe2 Rhe8 20. f3 h5 21. Rhe1
Bh6+ 22. Kb1 Bf4 23. Nf1 h4 24. Ne3 Qc7 25. Nc4 Rd5 26. d4 cxd4 27. Bxd4 c5 28.
Bf2 Red8 29. Bxh4 R8d7 30. g3 Bh6 31. Bf6 Qc6 32. Rxd5 Rxd5 33. Bxe5 Bf8 34. g4
Be6 35. Bc3 Bd7 36. Ne5 Qc7 37. Nxd7 Rxd7 38. Qa6+ Kb8 39. Re6 Bd6 40. Rxg6 Rf7
41. Rg8+ 1-0

[Event "Gibtelecom Masters"]
[Site "Gibraltar"]
[Date "2007.01.24"]
[Round "2"]
[White "Rendle, Thomas"]
[Black "Heinis, Vincent"]
[Result "1-0"]
[WhiteElo "2366"]
[BlackElo "2156"]
[PlyCount "103"]
[EventDate "2007.??.??"]

1. f4 e5 2. fxe5 d6 3. exd6 Bxd6 4. Nf3 Nf6 5. e3 Ng4 6. Qe2 O-O 7. g3 Re8 8.
Bg2 Nc6 9. O-O h5 10. Nc3 h4 11. gxh4 Nd4 12. Nxd4 Bxh2+ 13. Kh1 Qxh4 14. Nf3
Qh5 15. Nd1 Re6 16. Nf2 Nxf2+ 17. Rxf2 Bg3+ 18. Kg1 Rf6 19. b3 Bg4 20. Bb2
Bxf2+ 21. Qxf2 Rxf3 22. Bxf3 Bxf3 23. Qg3 g5 24. Rf1 Bc6 25. d3 Re8 26. e4 Bxe4
27. dxe4 Rxe4 28. Re1 Rxe1+ 29. Qxe1 Qg4+ 30. Kf2 Qf5+ 31. Ke3 Qxc2 32. Qc3
Qxc3+ 33. Bxc3 Kh7 34. Be5 c6 35. Bb8 a5 36. Kd4 f5 37. Bc7 a4 38. b4 Kg6 39.
Ke5 g4 40. Bb6 g3 41. Be3 g2 42. a3 f4 43. Kxf4 Kf6 44. Ke4 Ke6 45. Bc5 b5 46.
Bg1 Kd7 47. Kd4 Kc7 48. Kc5 Kb7 49. Kd6 Ka6 50. Bc5 Kb7 51. Kd7 Ka6 52. Kc7 1-0

[Event "Gibtelecom Masters"]
[Site "Gibraltar"]
[Date "2007.01.24"]
[Round "2"]
[White "Solomon, Kenny"]
[Black "Stokes, Ivan"]
[Result "1-0"]
[WhiteElo "2320"]
[BlackElo "2041"]
[PlyCount "67"]
[EventDate "2007.??.??"]

1. Nf3 Nf6 2. c4 e6 3. d4 b6 4. g3 Bb7 5. Bg2 Be7 6. Nc3 O-O 7. O-O Ne4 8. Bd2
f5 9. Rc1 Bf6 10. d5 Nxd2 11. Qxd2 e5 12. e4 g5 13. exf5 g4 14. Nh4 Bxh4 15.
gxh4 Rxf5 16. Qh6 Qf8 17. Qe3 d6 18. f3 gxf3 19. Rxf3 Rxf3 20. Bxf3 Qf4 21.
Qxf4 exf4 22. Bg4 Na6 23. Re1 Rf8 24. Re7 f3 25. Be6+ Kh8 26. Ne4 f2+ 27. Kf1
Nc5 28. Nxc5 bxc5 29. Rxc7 Rb8 30. b3 a5 31. Rd7 a4 32. Rxd6 axb3 33. axb3 Ba8
34. Rd7 1-0

[Event "Gibtelecom Masters"]
[Site "Gibraltar"]
[Date "2007.01.24"]
[Round "2"]
[White "Ly, Moulthun"]
[Black "Pettersen, Joar"]
[Result "1-0"]
[WhiteElo "2307"]
[BlackElo "2032"]
[PlyCount "62"]
[EventDate "2007.??.??"]

1. e4 e5 2. Nf3 Nc6 3. Bb5 a6 4. Ba4 Nf6 5. O-O Nxe4 6. d4 exd4 7. Re1 d5 8.
Nxd4 Bd6 9. Nxc6 Bxh2+ 10. Kh1 Qh4 11. Rxe4+ dxe4 12. Qd8+ Qxd8 13. Nxd8+ Kxd8
14. Kxh2 Be6 15. Nc3 c5 16. Bg5+ Kc8 17. Nxe4 b5 18. Nxc5 bxa4 19. Nxa4 Rb8 20.
b3 Rb5 21. Be3 Re5 22. c4 Rd8 23. Nc5 a5 24. Rc1 h5 25. Rc3 Bf5 26. a3 f6 27.
b4 g5 28. bxa5 Kc7 29. Rb3 Rxc5 30. Bxc5 Rd3 31. Rb6 Rxa3 1-0

[Event "Gibtelecom Masters"]
[Site "Gibraltar"]
[Date "2007.01.24"]
[Round "2"]
[White "Wallace, Paul"]
[Black "Dawson, Jeff"]
[Result "0-1"]
[WhiteElo "2274"]
[BlackElo "2027"]
[PlyCount "174"]
[EventDate "2007.??.??"]

1. e4 d5 2. exd5 Qxd5 3. Nc3 Qa5 4. d4 c6 5. Nf3 Bf5 6. Ne5 Nf6 7. g4 Bg6 8.
Bg2 Nbd7 9. Nc4 Qc7 10. Qf3 Nb6 11. Bf4 Qc8 12. Ne5 e6 13. Bg5 Be7 14. O-O-O
Nbd5 15. Rhe1 Nxc3 16. Qxc3 Nd5 17. Qd2 Bxg5 18. Qxg5 f6 19. Qd2 fxe5 20. h4
Qc7 21. Qg5 Qe7 22. Qxe5 O-O-O 23. h5 Bf7 24. c4 Nf6 25. g5 Nd7 26. Qa5 Nb8 27.
Bh3 Qc7 28. Qd2 Rhe8 29. Bg4 Nd7 30. Kb1 Kb8 31. f4 e5 32. d5 cxd5 33. cxd5 Qd6
34. Qd3 g6 35. hxg6 hxg6 36. Be6 Bxe6 37. dxe6 Qxe6 38. fxe5 Nc5 39. Qc2 Rxd1+
40. Rxd1 Qxe5 41. Qxg6 Qe4+ 42. Qxe4 Rxe4 43. Rg1 Ne6 44. Kc2 Kc7 45. Kd3 Re5
46. g6 Ng7 47. Rf1 Re7 48. Kc4 Kd6 49. Rf3 Rc7+ 50. Kb5 Ne6 51. Rd3+ Ke5 52. a4
Nf4 53. Rd8 Ne6 54. Ra8 Nd4+ 55. Ka5 Nc6+ 56. Kb5 Rg7 57. a5 Rxg6 58. Rc8 Nd4+
59. Ka4 Rc6 60. Rb8 Rc7 61. Rh8 Rc4+ 62. Ka3 Kd5 63. Rh7 Kc6 64. b3 Nb5+ 65.
Kb2 Rd4 66. Rh6+ Rd6 67. Rh7 Nc7 68. Ka3 Na6 69. Rg7 Nc5 70. b4 Rd3+ 71. Ka2
Nd7 72. Rg5 a6 73. Rh5 Rd5 74. Rh4 Kb5 75. Kb3 Ne5 76. Rh5 Kc6 77. Rh6+ Rd6 78.
Rh5 Kd5 79. Rh8 Rf6 80. Rd8+ Ke4 81. Ka4 Rf1 82. Re8 Kd4 83. Rh8 Ra1+ 84. Kb3
Rb1+ 85. Ka4 Kc4 86. Rh4+ Kc3 87. Rh3+ Nd3 0-1

[Event "Gibtelecom Masters"]
[Site "Gibraltar"]
[Date "2007.01.24"]
[Round "2"]
[White "Campbell, Ian"]
[Black "Schuurman, Petra"]
[Result "1/2-1/2"]
[WhiteElo "2008"]
[BlackElo "2275"]
[PlyCount "87"]
[EventDate "2007.??.??"]

1. d4 Nf6 2. Nf3 e6 3. e3 b6 4. Bd3 Bb7 5. O-O g6 6. b3 Bg7 7. Bb2 O-O 8. Nbd2
d5 9. c4 Na6 10. Rc1 Rc8 11. a3 c5 12. Qe2 Nb8 13. Rfd1 Qe7 14. Ne5 Nc6 15.
Nxc6 Bxc6 16. Nf3 Bb7 17. Ne5 Rfd8 18. a4 Ne4 19. f3 cxd4 20. exd4 Nd6 21. c5
Nf5 22. b4 Ba8 23. f4 bxc5 24. Rxc5 Qh4 25. Qf2 Qxf2+ 26. Kxf2 Bf8 27. Rxc8
Rxc8 28. b5 Bb4 29. Bxf5 gxf5 30. Rc1 Rxc1 31. Bxc1 Kf8 32. Nd3 Bd6 33. Bd2 Bb7
34. Bb4 Bxb4 35. Nxb4 Ke7 36. Ke3 f6 37. Nd3 Kd6 38. Nc5 Bc8 39. g3 e5 40.
fxe5+ fxe5 41. Nd3 e4 42. Nc5 h6 43. Kf4 Bd7 44. h4 1/2-1/2

[Event "Gibtelecom Masters"]
[Site "Gibraltar"]
[Date "2007.01.24"]
[Round "2"]
[White "Mohota, Nisha"]
[Black "Joseph, Adrian"]
[Result "1-0"]
[WhiteElo "2270"]
[BlackElo "1300"]
[PlyCount "108"]
[EventDate "2007.??.??"]

1. d4 Nf6 2. c4 g6 3. Nc3 Bg7 4. e4 d6 5. Nf3 O-O 6. Be2 Na6 7. O-O e5 8. Be3
Ng4 9. Bg5 f6 10. Bc1 c6 11. h3 Nh6 12. Be3 Nf7 13. dxe5 dxe5 14. Qc1 Qc7 15.
c5 Be6 16. Bxa6 bxa6 17. b3 Rad8 18. Qa3 Qc8 19. Qa5 Rd7 20. Rac1 h6 21. Kh2
Kh7 22. Ne1 f5 23. f3 f4 24. Bf2 Rd2 25. Nb1 Rdd8 26. Nc2 Bxh3 27. Nb4 Be6 28.
Qxa6 Qxa6 29. Nxa6 Bc8 30. Nb4 Bb7 31. Be1 g5 32. Na3 g4 33. fxg4 Ng5 34. Bh4
a5 35. Bxg5 hxg5 36. Nbc2 Ba6 37. Rfd1 Bd3 38. Ne1 Bxe4 39. Nf3 Kg6 40. Nc4
Bxf3 41. gxf3 Rh8+ 42. Kg2 Rd5 43. Nxa5 Rhd8 44. Rxd5 cxd5 45. c6 e4 46. Nb7
Ra8 47. c7 Rxa2+ 48. Kh1 Ra8 49. c8=Q Rxc8 50. Rxc8 e3 51. Kg2 Kf6 52. Kf1 Ke5
53. Ke2 d4 54. Nc5 Kd5 1-0

[Event "Gibtelecom Masters"]
[Site "Gibraltar"]
[Date "2007.01.24"]
[Round "2"]
[White "Richardson, Keith"]
[Black "Hamer, Martyn"]
[Result "1/2-1/2"]
[WhiteElo "2250"]
[BlackElo "1987"]
[PlyCount "80"]
[EventDate "2007.??.??"]

1. c4 e6 2. Nf3 Nf6 3. g3 d5 4. Bg2 Be7 5. O-O O-O 6. d4 dxc4 7. Qc2 a6 8. Qxc4
b5 9. Qc2 Bb7 10. Bf4 Nd5 11. Bd2 Nd7 12. Nc3 c5 13. Nxd5 Bxd5 14. e4 Bb7 15.
Be3 Rc8 16. dxc5 Bxc5 17. Bg5 Be7 18. Bxe7 Qxe7 19. Qe2 Rc7 20. Rfd1 Rfc8 21.
Rd2 Rc1+ 22. Rxc1 Rxc1+ 23. Ne1 Ne5 24. Rd1 Rxd1 25. Qxd1 Qd7 26. Qxd7 Nxd7 27.
Nd3 f6 28. f3 Kf7 29. Kf2 Ke7 30. Ke3 Kd6 31. Bh3 Ne5 32. Nxe5 Kxe5 33. b4 g5
34. f4+ gxf4+ 35. gxf4+ Kd6 36. f5 e5 37. Bg4 Ke7 38. Bd1 Kf7 39. Bc2 Kg7 40.
Kf3 Kh6 1/2-1/2

[Event "Gibtelecom Masters"]
[Site "Gibraltar"]
[Date "2007.01.24"]
[Round "2"]
[White "Perez Romero, Carlos"]
[Black "Revesz, Zoltan"]
[Result "0-1"]
[WhiteElo "2019"]
[BlackElo "2245"]
[PlyCount "50"]
[EventDate "2007.??.??"]

1. e4 e5 2. Nf3 Nc6 3. d4 exd4 4. Nxd4 Bc5 5. Be3 Qf6 6. c3 Nge7 7. Bc4 Ne5 8.
Be2 Qg6 9. O-O O-O 10. Nd2 d5 11. Bh5 Qd6 12. f4 N5c6 13. e5 Qh6 14. N2b3 Bxd4
15. Nxd4 Nxe5 16. Be2 Nc4 17. Bc1 Qb6 18. b3 Nd6 19. Kh1 Ne4 20. Bb2 Nf5 21. c4
Ne3 22. Qd3 Nxf1 23. Rxf1 c5 24. Nf3 Qh6 25. Qxd5 Ng3+ 0-1

[Event "Gibtelecom Masters"]
[Site "Gibraltar"]
[Date "2007.01.24"]
[Round "2"]
[White "Navarro Torres, Pedro"]
[Black "Mayers, Dan"]
[Result "1-0"]
[WhiteElo "2235"]
[BlackElo "1965"]
[PlyCount "151"]
[EventDate "2007.??.??"]

1. e4 e6 2. d4 d5 3. Nc3 Nf6 4. Bg5 Bb4 5. e5 h6 6. Be3 Ne4 7. Nge2 c5 8. f3
Nxc3 9. bxc3 cxd4 10. Bxd4 Ba5 11. Nf4 Nc6 12. Kf2 Qg5 13. g3 Nxe5 14. h4 Qf6
15. Qe2 Bb6 16. Bxb6 axb6 17. Nh5 Ng4+ 18. Kg2 Qxc3 19. fxg4 Qxa1 20. Qb5+ Bd7
21. Qxd7+ Kxd7 22. Bb5+ Kd6 23. Rxa1 g6 24. Nf4 Rhc8 25. c4 dxc4 26. a4 c3 27.
Nd3 e5 28. Kf3 f5 29. Ke3 fxg4 30. Nb4 Rc5 31. Rd1+ Ke6 32. Nc2 h5 33. Bd7+ Ke7
34. Bb5 Rf8 35. Be2 Rd8 36. Rxd8 Kxd8 37. Bd3 Rc6 38. Be4 Rc4 39. Kd3 Rxa4 40.
Bxg6 Ra5 41. Kxc3 Rc5+ 42. Kd2 e4 43. Bxe4 Kc7 44. Ke3 b5 45. Nd4 Kd6 46. Bxb7
b4 47. Ne2 Ke5 48. Be4 b3 49. Bb1 Ra5 50. Nc3 Ra6 51. Kd3 Rf6 52. Ke2 Kd4 53.
Nb5+ Kc4 54. Bd3+ Kb4 55. Nd4 b2 56. Nf5 Kc3 57. Bb1 Re6+ 58. Kd1 Re5 59. Ng7
Rd5+ 60. Ke2 Rd2+ 61. Ke3 Rd1 62. Bg6 b1=Q 63. Bxb1 Rxb1 64. Nxh5 Rb4 65. Nf6
Rd4 66. h5 Rd3+ 67. Kf4 Rf3+ 68. Kg5 Rxg3 69. Ne4+ Kd4 70. Nxg3 Ke5 71. h6 Ke6
72. Kg6 Ke5 73. h7 Kf4 74. Nh5+ Kf3 75. h8=Q g3 76. Nxg3 1-0

[Event "Gibtelecom Masters"]
[Site "Gibraltar"]
[Date "2007.01.24"]
[Round "2"]
[White "Tredinnick, Malcolm"]
[Black "Gonzalez Nunez, Millan"]
[Result "1-0"]
[WhiteElo "2209"]
[BlackElo "1940"]
[PlyCount "87"]
[EventDate "2007.??.??"]

1. c4 g6 2. g3 Bg7 3. Bg2 c5 4. Nc3 Nf6 5. Nf3 Nc6 6. O-O O-O 7. d4 cxd4 8.
Nxd4 Nxd4 9. Qxd4 d6 10. Qd3 a6 11. c5 dxc5 12. Qxd8 Rxd8 13. Be3 Rb8 14. Bf4
Ra8 15. Rfd1 Re8 16. Rd2 e5 17. Be3 Bf8 18. Rad1 e4 19. Na4 Ng4 20. Bxc5 Bxc5
21. Nxc5 e3 22. fxe3 Nxe3 23. Rd8 Bf5 24. Rxa8 Rxa8 25. Bxb7 Nxd1 26. Bxa8 Nxb2
27. Nxa6 Kf8 28. Nc5 Ke7 29. Kf2 Kd6 30. Ne4+ Ke7 31. Bd5 h6 32. Ke3 Be6 33.
Bxe6 Kxe6 34. Kd4 f5 35. Nc5+ Kd6 36. Nd3 Na4 37. Ne5 g5 38. Nf7+ Ke6 39. Nxh6
Nb6 40. e4 f4 41. gxf4 gxf4 42. Ng4 Nd7 43. a4 Nb8 44. Ne5 1-0

[Event "Gibtelecom Masters"]
[Site "Gibraltar"]
[Date "2007.01.24"]
[Round "2"]
[White "Cardenas Romo, Alejandro"]
[Black "Walton, Colin"]
[Result "0-1"]
[WhiteElo "1891"]
[BlackElo "2135"]
[PlyCount "122"]
[EventDate "2007.??.??"]

1. e4 e5 2. d4 d5 3. Nc3 Bb4 4. dxe5 c5 5. a3 Bxc3+ 6. bxc3 Ne7 7. f4 Bd7 8.
Nf3 Ba4 9. Rb1 Qc7 10. Bd3 Nd7 11. O-O c4 12. Be2 O-O-O 13. Rb4 Nb6 14. Ng5 Nc6
15. Rb1 h6 16. Nh3 f5 17. exf6 gxf6 18. Bg4+ f5 19. Bf3 Nd7 20. Re1 Qd6 21. Qe2
Rde8 22. Nf2 Nf6 23. Nd1 Nd8 24. Ne3 b5 25. Nd1 Nb7 26. Nb2 Qa6 27. Nxa4 bxa4
28. Rb4 Nd6 29. Bd2 Ndxe4 30. Reb1 Kc7 31. Bxe4 Nxe4 32. Qh5 Re7 33. Be1 Rg7
34. Bh4 Rhg8 35. g3 Nxc3 36. Bf6 Rg6 37. Be5+ Kc6 38. Qh4 Ne2+ 39. Kf2 Nxg3 40.
hxg3 Rxg3 41. Rb7 Rg2+ 42. Kf3 Qxb7 43. Rxb7 Kxb7 44. Qe7+ Ka8 45. Qh4 Rxc2 46.
Bd6 a5 47. Bc7 Rc3+ 48. Kf2 Rxa3 49. Bxa5 Ra2+ 50. Kf3 Rb8 51. Bb4 Rb2 52. Qe7
R8xb4 53. Qe8+ Kb7 54. Qd7+ Ka6 55. Qe6+ Rb6 56. Qc8+ Ka5 57. Qa8+ Kb4 58. Qxd5
Rb5 59. Qd6+ Kb3 60. Qc6 Ka3 61. Qd6+ Ka2 0-1

[Event "Gibtelecom Masters"]
[Site "Gibraltar"]
[Date "2007.01.24"]
[Round "2"]
[White "Kuenitz, Klaus"]
[Black "Thurlow, Kevin"]
[Result "0-1"]
[WhiteElo "1733"]
[BlackElo "2119"]
[PlyCount "54"]
[EventDate "2007.??.??"]

1. e4 c5 2. Nf3 e6 3. g3 Nc6 4. Bg2 g6 5. O-O Bg7 6. c3 Nge7 7. d4 cxd4 8. cxd4
d5 9. e5 O-O 10. Bg5 Qb6 11. Bxe7 Nxe7 12. Qd2 Bd7 13. Nc3 f6 14. Rae1 fxe5 15.
Nxe5 Bxe5 16. Rxe5 Nc6 17. Nxd5 exd5 18. Bxd5+ Kh8 19. Bxc6 Qxc6 20. d5 Qf6 21.
f4 Rac8 22. Rfe1 Qb6+ 23. Qf2 Qxf2+ 24. Kxf2 Rc2+ 25. R1e2 Rxe2+ 26. Kxe2 Kg7
27. Re7+ Rf7 0-1

[Event "Gibtelecom Masters"]
[Site "Gibraltar"]
[Date "2007.01.24"]
[Round "2"]
[White "Galliano, Alex"]
[Black "Hocevar, Nikola"]
[Result "1/2-1/2"]
[WhiteElo "1300"]
[BlackElo "2111"]
[PlyCount "61"]
[EventDate "2007.??.??"]

1. e4 c5 2. c3 d5 3. exd5 Qxd5 4. d4 Nc6 5. Nf3 cxd4 6. cxd4 e6 7. Be2 Nf6 8.
O-O Be7 9. Nc3 Qa5 10. Be3 O-O 11. a3 a6 12. b4 Qd8 13. Qb3 b5 14. Rfd1 Bb7 15.
Ne5 Rc8 16. Bf3 Qc7 17. Nxc6 Bxc6 18. Bxc6 Qxc6 19. Rac1 Qb7 20. d5 exd5 21.
Nxd5 Nxd5 22. Rxc8 Qxc8 23. Rxd5 Rd8 24. g3 h6 25. Qd3 Bf6 26. Bc5 Rxd5 27.
Qxd5 Qe6 28. Qd3 Qe1+ 29. Kg2 Qc3 30. Qf5 Qxa3 31. Qc8+ 1/2-1/2

[Event "Gibtelecom Masters"]
[Site "Gibraltar"]
[Date "2007.01.24"]
[Round "2.7"]
[White "Efimenko, Zahar"]
[Black "Carlsson, Pontus"]
[Result "1-0"]
[WhiteElo "2616"]
[BlackElo "2492"]
[PlyCount "125"]
[EventDate "2007.??.??"]

1. d4 Nf6 2. c4 e6 3. Nf3 b6 4. Nc3 Bb4 5. Qb3 c5 6. Bg5 Bb7 7. a3 Bxc3+ 8.
Qxc3 O-O 9. e3 h6 10. Bh4 Bxf3 11. gxf3 cxd4 12. Qxd4 Nc6 13. Qc3 Rc8 14. Rg1
e5 15. Bh3 Rc7 16. Rd1 Qe7 17. Qd3 g5 18. Qf5 Nh5 19. Rxd7 Rxd7 20. Qxd7 Qxd7
21. Bxd7 Nb8 22. Ba4 f5 23. Bxg5 hxg5 24. Rxg5+ Ng7 25. Rg6 Kf7 26. Rh6 Ke7 27.
b4 Ne6 28. h4 Rf6 29. Rh8 Rf8 30. Rh6 Rf6 31. Rh8 Nf8 32. Bb3 Nc6 33. Rh5 Ne6
34. Bc2 Ng7 35. Rh7 Kf7 36. Rh8 Rd6 37. Rc8 a5 38. Rc7+ Kf8 39. c5 bxc5 40. b5
Ne7 41. Ra7 c4 42. Rxa5 Ne6 {(=)} 43. Ra6 Rxa6 44. bxa6 Nc7 45. a7 Nc8 46. Bxf5
Nxa7 47. a4 c3 48. Kd1 Na6 49. Kc2 Nc5 50. Kxc3 Nxa4+ 51. Kb4 Nb6 52. Kc5 Nac8
53. Bg4 Na4+ 54. Kb5 Ncb6 55. Bf5 Kg7 56. Bc2 Kh6 57. Bxa4 Nd5 58. Kc5 Nf6 59.
Kd6 e4 60. Ke5 Kg7 61. fxe4 Ng4+ 62. Kf4 Nxf2 63. Bc2 1-0

[Event "Gibtelecom Masters"]
[Site "Gibraltar"]
[Date "2007.01.24"]
[Round "2.28"]
[White "Spence, David"]
[Black "Kuzubov, Yuriy"]
[Result "0-1"]
[WhiteElo "2166"]
[BlackElo "2554"]
[PlyCount "58"]
[EventDate "2007.??.??"]

1. e4 d6 2. d4 g6 3. Nc3 Nf6 4. Bg5 h6 5. Bh4 Bg7 6. Qd2 g5 7. Bg3 Nh5 8. O-O-O
Nc6 9. Bb5 Bd7 10. Nge2 e6 11. f3 Nxg3 12. hxg3 a6 13. Ba4 Qe7 14. f4 O-O-O 15.
Qe3 Kb8 16. a3 Rhg8 17. Kb1 Na5 18. Bxd7 Qxd7 19. e5 Nc4 20. Qf2 Qc6 21. Ka2
Rd7 22. b3 Nb6 23. Rd3 Bf8 24. exd6 Qxd6 25. Nb1 a5 26. c4 Qc6 27. a4 Nxa4 28.
bxa4 Qxc4+ 29. Rb3 Qc2+ 0-1

[Event "Gibtelecom Masters"]
[Site "Gibraltar"]
[Date "2007.01.24"]
[Round "2.42"]
[White "Agdestein, Emil"]
[Black "Teran Alvarez, Ismael"]
[Result "0-1"]
[WhiteElo "2116"]
[BlackElo "2417"]
[PlyCount "61"]
[EventDate "2007.??.??"]

1. e4 c5 2. a3 g6 3. Nc3 Bg7 4. f4 Nc6 5. Nf3 e6 6. b4 b6 7. Bb2 d6 8. Bb5 Bd7
9. O-O Nge7 10. bxc5 bxc5 11. Rb1 Rb8 12. Bc4 O-O 13. Ba1 Qa5 14. Rb5 Rxb5 15.
Nxb5 d5 16. Bxg7 Kxg7 17. Qa1+ f6 18. exd5 exd5 19. Be2 a6 20. Nc3 d4 21. Nd1
Nd5 22. g3 Bf5 23. Bc4 Nb6 24. Bd3 Bh3 25. Re1 Bg4 26. Be4 Na7 27. Nf2 Bc8 28.
c3 dxc3 29. dxc3 Nb5 30. c4 Nxa3 31. Rb1 {remaining moves illegible} 0-1

[Event "Gibtelecom Masters"]
[Site "Gibraltar"]
[Date "2007.01.24"]
[Round "2.59"]
[White "Beltran, Jorge"]
[Black "Eggleston, David"]
[Result "0-1"]
[WhiteElo "2104"]
[BlackElo "2284"]
[PlyCount "100"]
[EventDate "2007.??.??"]

1. d4 e6 2. c4 f5 3. Nf3 Nf6 4. g3 Be7 5. Bg2 O-O 6. O-O Ne4 7. d5 Bf6 8. Qc2
Na6 9. Nfd2 exd5 10. cxd5 Nd6 11. Nc3 b6 12. a3 Re8 13. Nb3 Bb7 14. Bf4 Qe7 15.
Rfe1 Ne4 16. Nxe4 fxe4 17. Rad1 d6 18. Rd2 Nc5 19. Red1 a5 20. Nd4 Bxd4 21.
Rxd4 a4 22. Rb4 Bc8 23. Be3 Bf5 24. Bxc5 bxc5 25. Rc4 Qf7 26. Bxe4 Bxe4 27.
Rxe4 Qg6 28. f3 Rxe4 29. fxe4 Qe8 30. Rb1 Qe5 31. b3 axb3 32. Rxb3 Qd4+ 33. Kg2
Re8 34. Qd3 Qa1 35. Rb1 Qe5 36. Rb7 Rf8 37. Qb1 c4 38. Rb8 c3 39. Rxf8+ Kxf8
40. Qd3 c5 41. dxc6 Qc5 42. Qa6 c2 43. Qc8+ Kf7 44. Qd7+ Kf6 45. Qd8+ Kg6 46.
Qe8+ Kh6 47. Qe6+ g6 48. Qh3+ Qh5 49. Qc8 Qxe2+ 50. Kh3 Qf1+ 0-1

[Event "Gibtelecom Masters"]
[Site "Gibraltar"]
[Date "2007.01.24"]
[Round "2.60"]
[White "Klinova, Masha"]
[Black "Compton, Alistair"]
[Result "1-0"]
[WhiteElo "2350"]
[BlackElo "2093"]
[PlyCount "99"]
[EventDate "2007.??.??"]

1. e4 e6 2. Nf3 d5 3. Nc3 Nf6 4. e5 Nfd7 5. d4 c5 6. dxc5 Nc6 7. Bf4 Bxc5 8.
Bd3 f6 9. exf6 Nxf6 10. O-O O-O 11. Qe2 a6 12. Rae1 Nh5 13. Bg5 Nf4 14. Bxd8
Nxe2+ 15. Nxe2 Nxd8 16. Ned4 Rf6 17. c3 h6 18. Re2 Bxd4 19. Nxd4 Bd7 20. f4 Nc6
21. g3 Nxd4 22. cxd4 Bb5 23. Rf3 Bxd3 24. Rxd3 Rc8 25. Rb3 b5 26. Kf2 Rc4 27.
Ke3 Rf8 28. Ra3 Rc6 29. Kd3 Kf7 30. Rc3 Rfc8 31. Re5 Rxc3+ 32. bxc3 Rc4 33. f5
exf5 34. Rxd5 Ke6 35. Re5+ Kf6 36. Re2 Rc7 37. a4 g5 38. axb5 axb5 39. Re8 Rb7
40. Rf8+ Kg6 41. d5 b4 42. cxb4 Rxb4 43. Kc3 Rb1 44. Kd4 Rh1 45. d6 Rxh2 46.
Kc3 Rh1 47. d7 Rd1 48. d8=Q Rxd8 49. Rxd8 g4 50. Kd3 1-0

[Event "Gibtelecom Masters"]
[Site "Gibraltar"]
[Date "2007.01.24"]
[Round "2.65"]
[White "Carame Gonzalez, Francisco"]
[Black "Simpson, James"]
[Result "0-1"]
[WhiteElo "1960"]
[BlackElo "2267"]
[PlyCount "54"]
[EventDate "2007.??.??"]

1. e4 c5 2. Nf3 d6 3. d4 cxd4 4. Nxd4 Nf6 5. Nc3 e6 6. Be2 Be7 7. Be3 O-O 8.
O-O a6 9. f4 Qc7 10. a4 Nc6 11. Qe1 Bd7 12. Qg3 Kh8 13. Rad1 Nb4 14. Rd2 Rad8
15. Bf3 Bc6 16. Rfd1 d5 17. e5 Ne4 18. Bxe4 dxe4 19. f5 Bd5 20. Bf4 Bc5 21. f6
Rg8 22. Bg5 g6 23. Kh1 Nd3 24. cxd3 Bxd4 25. dxe4 Bxe5 26. Qh4 Bb3 27. Rd3 Bxd1
0-1

[Event "Gibtelecom Masters"]
[Site "Gibraltar"]
[Date "2007.01.24"]
[Round "2.70"]
[White "Helin, Mikael"]
[Black "Prasanna, Rao"]
[Result "1-0"]
[WhiteElo "1951"]
[BlackElo "2234"]
[PlyCount "135"]
[EventDate "2007.??.??"]

1. e4 e5 2. Nc3 Nf6 3. Bc4 Bc5 4. f4 d6 5. Nf3 Nbd7 6. Ng5 O-O 7. f5 Nb6 8. Bb3
d5 9. Qf3 h6 10. h4 a5 11. a3 a4 12. Ba2 dxe4 13. Ncxe4 Nxe4 14. Nxe4 Be7 15.
d3 Nd7 16. g4 Bxh4+ 17. Ke2 Nf6 18. Be3 Nxe4 19. dxe4 b6 20. Kf1 Bg5 21. Rh5
Bxe3 22. Qxe3 Qd4 23. Qxd4 exd4 24. g5 Bb7 25. Re1 Rfe8 26. g6 Rxe4 27. gxf7+
Kf8 28. f6 Ra5 29. fxg7+ Kxg7 30. Rxe4 Bxe4 31. Rh2 Rb5 32. Bc4 Rxb2 33. Rxh6
Rb1+ 34. Ke2 Rh1 35. Re6 Rh2+ 36. Ke1 Rh1+ 37. Ke2 Rh2+ 38. Kf1 Rh1+ 39. Kf2
Kxf7 40. Rxe4+ Kf6 41. Ke2 Rh3 42. Rxd4 Rxa3 43. Bb5 Ke5 44. Rh4 Kd6 45. Bxa4
Rg3 46. Bb5 Kc5 47. Bd3 Rg5 48. Rc4+ Kd6 49. Rb4 Rh5 50. Kd2 Rg5 51. Kc3 Rc5+
52. Kb3 Rg5 53. Rh4 Re5 {=} () 54. c4 Kc5 55. Rh7 Kd6 56. Kb4 Re3 57. Bg6 Re5
58. Bf7 Re1 59. Bd5 Rb1+ 60. Kc3 Rc1+ 61. Kb2 Rg1 62. Rh6+ Kd7 63. Kb3 Rb1+ 64.
Ka4 Rb2 65. Bc6+ Ke7 66. Bb5 Rb1 67. Rc6 Kd8 68. Re6 1-0

[Event "Gibtelecom Masters"]
[Site "Gibraltar"]
[Date "2007.01.24"]
[Round "2.71"]
[White "Jameson, David"]
[Black "Malmdin, Nils Ake"]
[Result "0-1"]
[WhiteElo "1972"]
[BlackElo "2231"]
[PlyCount "80"]
[EventDate "2007.??.??"]

1. e4 g6 2. d4 Bg7 3. c3 d6 4. Be3 Nf6 5. f3 c6 6. Bd3 Nbd7 7. Ne2 Qc7 8. a4 e5
9. O-O O-O 10. Na3 d5 11. Qc2 dxe4 12. Bxe4 Nxe4 13. fxe4 Nf6 14. h3 Be6 15.
Rad1 a6 16. Bg5 Nd7 17. Kh1 Rac8 18. Nb1 f6 19. Be3 f5 20. exf5 Bxf5 21. Qb3+
Kh8 22. dxe5 Qxe5 23. Rf3 b5 24. Nd4 Be4 25. Rxf8+ Nxf8 26. Nxc6 Bxc6 27. axb5
axb5 28. Bd4 Qg3 29. Bxg7+ Kxg7 30. Qc2 Qxh3+ 31. Kg1 Qe3+ 32. Qf2 Re8 33. Na3
Qxf2+ 34. Kxf2 Re5 35. Rd6 Rf5+ 36. Kg1 Rf6 37. Rd8 Ne6 38. Rb8 Nf4 39. g4 Ne2+
40. Kh2 Rf1 0-1

[Event "Gibtelecom Masters"]
[Site "Gibraltar"]
[Date "2007.01.24"]
[Round "2.72"]
[White "Osuna Vega, Enrique"]
[Black "Solaroli, Riccardo"]
[Result "1-0"]
[WhiteElo "2177"]
[BlackElo "1960"]
[PlyCount "115"]
[EventDate "2007.??.??"]

1. Nf3 Nf6 2. c4 g6 3. Nc3 d5 4. cxd5 Nxd5 5. Qa4+ Bd7 6. Qb3 Nb6 7. g3 Bg7 8.
Bg2 Nc6 9. d3 O-O 10. O-O e5 11. Bg5 Qc8 12. Ne4 Be6 13. Qd1 h6 14. Bf6 Bxf6
15. Nxf6+ Kg7 16. Ne4 Bh3 17. Bxh3 Qxh3 18. Nc5 Nd7 19. Rc1 Nxc5 20. Rxc5 Rfe8
21. Qc2 Qe6 22. a3 e4 23. dxe4 Qxe4 24. Qc3+ Kg8 25. Re1 Rad8 26. b4 a6 27. Rc4
Qe7 28. Nd2 Rd7 29. Re4 Qd8 30. Qe3 Rxe4 31. Nxe4 Rd1 32. Rxd1 Qxd1+ 33. Kg2
Qd5 34. f3 Kg7 35. Qc3+ Qd4 36. Qxd4+ Nxd4 37. Nc5 Nxe2 38. Nxb7 Nd4 39. Nc5 a5
40. bxa5 Nb5 41. a4 Na7 42. Kf2 Kf6 43. f4 Ke7 44. Ke3 Kd6 45. Kd4 Nc6+ 46. Kc4
Na7 47. Nb7+ Kd7 48. Kd5 h5 49. Nc5+ Ke7 50. Na6 c6+ 51. Kc5 Kd7 52. Nb4 Kc7
53. Nd3 f6 54. Nb4 Kd7 55. Nc2 Kc7 56. Nd4 Kd7 57. h4 f5 58. Nf3 1-0

[Event "Gibtelecom Masters"]
[Site "Gibraltar"]
[Date "2007.01.24"]
[Round "2.73"]
[White "Yarur Elsaca, Daniel"]
[Black "Jaime Montalvan, Luis"]
[Result "0-1"]
[WhiteElo "1913"]
[BlackElo "2206"]
[PlyCount "56"]
[EventDate "2007.??.??"]

1. d4 Nf6 2. Bg5 e6 3. Nf3 Be7 4. e3 b6 5. Nbd2 Bb7 6. Bd3 h6 7. Bf4 c5 8. c3
Nh5 9. Bg3 d6 10. Qe2 Nd7 11. O-O Qc7 12. b4 Nxg3 13. fxg3 O-O 14. Bc2 cxb4 15.
Qd3 g6 16. cxb4 Rac8 17. Rac1 Qc3 18. Qe2 Qxb4 19. h4 Qb2 20. Qd1 Nf6 21. Nh2
Rc3 22. Rf2 Rfc8 23. Ne4 Bxe4 24. Bxe4 Rxc1 25. Rxb2 Rxd1+ 26. Kf2 Nxe4+ 27.
Kf3 Rd2 28. Rxd2 Nxd2+ 0-1

[Event "Gibtelecom Masters"]
[Site "Gibraltar"]
[Date "2007.01.24"]
[Round "2.76"]
[White "Gonzalez Amaya, Milan"]
[Black "Nyland, Thomas"]
[Result "0-1"]
[WhiteElo "1891"]
[BlackElo "2124"]
[PlyCount "42"]
[EventDate "2007.??.??"]

1. e4 e5 2. f4 exf4 3. Nf3 Be7 4. Bc4 Bh4+ 5. Kf1 Bg5 6. d4 d6 7. Nc3 Bh6 8.
Qe2 Ne7 9. b3 O-O 10. Bb2 Nbc6 11. h3 Kh8 12. Rd1 Kg8 13. Kf2 Re8 14. Rhe1 Nf5
15. Bxf7+ Kxf7 16. Qc4+ d5 17. Nxd5 Nd6 18. Qc5 Nxe4+ 19. Rxe4 Rxe4 20. Ne5+
Nxe5 21. dxe5 c6 0-1